000
00282nam a2200121Ia 4500
005
20251222154359.0
008
251222s9999||||xx |||||||||||||| ||spa||
020
_a
84-8130-205-8
082
_a
893.1/M16
100
_a
"Mahfuz, Maguib"
245
0
_a
La batalla de Tebas
942
_c
LIB
999
_c
35195
_d
35195